| 000 | 01123nam0a22002891 4500 | ||
|---|---|---|---|
| 001 | rc\461294 | ||
| 005 | 20030616171940.2 | ||
| 035 | _a(NLR Aleph) 005705723 | ||
| 090 |
_a7324783 _c7324783 |
||
| 100 | _a20030616d1988 u |0rusy50 ca | ||
| 101 | 0 | _arus | |
| 102 | _aRU | ||
| 105 | _aa ||||||||| | ||
| 200 | 1 |
_aКинетические явления в металлах вблизи электронных топологических переходов _fА.А. Варламов, В.С. Егоров, А.В. Панцулая |
|
| 210 |
_aМ. _cЦНИИатоминформ _d1988 |
||
| 215 |
_a44 с. _cил. _d21 |
||
| 225 | 1 |
_aПрепринт _fИн-т атом. энергии им. И.В. Курчатова _vИАЭ-4657/9 |
|
| 300 | _aРез. на англ. яз. | ||
| 320 | _aБиблиогр.: с. 41-44 | ||
| 700 | 1 |
_aВарламов _bА. А. _gАндрей Андреевич |
|
| 701 | 1 |
_aЕгоров _bВ. С. |
|
| 701 | 1 |
_aПанцулая _bА. В. _gАндрей Васильевич |
|
| 801 | 0 |
_aRU _bNLR _gpsbo |
|
| 801 | 1 |
_aRU _bELAR _2rusmarc |
|
| 852 |
_aNLR _j89-6/2145 |
||
| 942 | _cBOOK | ||
| 980 | _aNB | ||